<?xml version="1.0" encoding="UTF-8"?>
<collection xmlns="http://www.loc.gov/MARC21/slim">
 <record>
  <leader>01654nam a2200337   4500</leader>
  <controlfield tag="001">DLU190193239</controlfield>
  <controlfield tag="005">##20191105</controlfield>
  <datafield tag="020" ind1="#" ind2="#">
   <subfield code="a">9786047359202</subfield>
  </datafield>
  <datafield tag="040" ind1="#" ind2="#">
   <subfield code="a">DLU</subfield>
   <subfield code="b">vie</subfield>
  </datafield>
  <datafield tag="041" ind1="#" ind2="#">
   <subfield code="a">viekor</subfield>
  </datafield>
  <datafield tag="044" ind1="#" ind2="#">
   <subfield code="a">vn</subfield>
  </datafield>
  <datafield tag="082" ind1="#" ind2="#">
   <subfield code="a">495.783</subfield>
   <subfield code="b">LE-M</subfield>
  </datafield>
  <datafield tag="100" ind1="#" ind2="#">
   <subfield code="a">Lee Mi-hye,</subfield>
   <subfield code="c">GS.TS.</subfield>
  </datafield>
  <datafield tag="245" ind1="#" ind2="#">
   <subfield code="a">Cẩm nang tiếng Hàn trong giao tiếp thương mại =</subfield>
   <subfield code="b">Korean language for a good job.</subfield>
   <subfield code="n">t.I /</subfield>
   <subfield code="c">Lee Mi-hye; Lê Huy Khoa biên dịch.</subfield>
  </datafield>
  <datafield tag="260" ind1="#" ind2="#">
   <subfield code="a">Tp. Hồ Chí Minh :</subfield>
   <subfield code="b">Đại học Quốc gia,</subfield>
   <subfield code="c">2018.</subfield>
  </datafield>
  <datafield tag="300" ind1="#" ind2="#">
   <subfield code="a">211 tr. :</subfield>
   <subfield code="b">minh họa màu;</subfield>
   <subfield code="c">26 cm.</subfield>
  </datafield>
  <datafield tag="505" ind1="#" ind2="#">
   <subfield code="a">Chương 1. Chữ cái Hangeul 1 - nguyên âm -- Chương 2. Hangeul 2 - phụ âm -- Chương 3. Chữ cái Hangeul 3 - nguyên âm kép và phụ âm đôi -- Chương 4. Chữ cái Hangeul 4 - Phụ âm cuối -- Chương 5. Câu -- Chương 6. Xin chào -- Chương 7. Đây là văn phòng làm việc -- Chương 8. Chúng tôi có năm nhân viên -- Chương 9. Tôi tan sở lúc 6 giờ -- Chương 10. Cái này giá bao nhiêu? -- Chương 11. Tôi muốn ăn thịt nướng -- Chương 12. Tuần trước tôi đi hát karaoke -- Chương 13. Gia đình bạn có mấy người -- Chương 14. Tôi sẽ đi núi Seorak -- Chương 15. Làm ơn cho tôi nói chuyện với giám đốc Kim.</subfield>
  </datafield>
  <datafield tag="650" ind1="#" ind2="#">
   <subfield code="a">Tiếng Hàn Quốc</subfield>
   <subfield code="x">Tiếng Hàn Quốc đàm thoại.</subfield>
  </datafield>
  <datafield tag="700" ind1="#" ind2="#">
   <subfield code="a">Lê Huy Khoa,</subfield>
   <subfield code="e">biên dịch.</subfield>
  </datafield>
  <datafield tag="923" ind1="#" ind2="#">
   <subfield code="a">07/2019</subfield>
  </datafield>
  <datafield tag="990" ind1="#" ind2="#">
   <subfield code="a">t.I</subfield>
  </datafield>
  <datafield tag="991" ind1="#" ind2="#">
   <subfield code="a">SH</subfield>
  </datafield>
  <datafield tag="992" ind1="#" ind2="#">
   <subfield code="a">188000</subfield>
  </datafield>
  <datafield tag="994" ind1="#" ind2="#">
   <subfield code="a">DLU</subfield>
  </datafield>
  <datafield tag="900" ind1="#" ind2="#">
   <subfield code="a">True</subfield>
  </datafield>
  <datafield tag="911" ind1="#" ind2="#">
   <subfield code="a">Nguyễn Thanh Hương</subfield>
  </datafield>
  <datafield tag="925" ind1="#" ind2="#">
   <subfield code="a">G</subfield>
  </datafield>
  <datafield tag="926" ind1="#" ind2="#">
   <subfield code="a">A</subfield>
  </datafield>
  <datafield tag="927" ind1="#" ind2="#">
   <subfield code="a">SH</subfield>
  </datafield>
  <datafield tag="980" ind1="#" ind2="#">
   <subfield code="a">Thư viện Trường Đại học Đà Lạt</subfield>
  </datafield>
 </record>
</collection>
